| 000 | 00608nam a2200205 a 4500 | ||
|---|---|---|---|
| 005 | 20140310183349.0 | ||
| 008 | 070614s19uu xx 00 eng d | ||
| 020 | _a9814119334 | ||
| 050 |
_aHF 5415.123 _b.P587 2002 |
||
| 100 | _aPickton, David | ||
| 245 |
_aIntegrated marketing communications / _cDavid Pickton. |
||
| 260 |
_aFirst Lok Yang Road, Singapore : _bPearson Education Asia Pte Ltd, _c2002. |
||
| 300 |
_a752 p. : _bill. ; _c25 cm. |
||
| 521 | _aBSBA | ||
| 546 | _aC8369 | ||
| 546 | _aC8367 | ||
| 650 | _aCommunication in Marketing. | ||
| 700 | _aBroderick, Amanda | ||
| 942 |
_cBK _2lcc _kFOR |
||
| 999 |
_c22046 _d22046 |
||